Town and country planning act 1976 (act 172): : (as at 5th march 2010)

Bibliographic Details
Corporate Authors: Malaysia, International Law Book Services. Legal Research Board
Format: Book
Language:Malay
Published: Petaling jaya, Selangor : International Law Book Services , 2010
Subjects:

MARC

LEADER 00000cam a2200000 7i4500
001 0000024342
005 20120509.0
008 120503s my # may
020 |a 9789678920810 ,   |c RM73.00 
040 |a INS 
090 0 0 |a KPG2578.A311974   |b M4 2010 
110 1 |a Malaysia 
245 0 0 |a Town and country planning act 1976 (act 172): :   |b (as at 5th march 2010)   |c compiled by: Legal Research Board 
260 |a Petaling jaya, Selangor :   |b International Law Book Services ,   |c 2010 
300 |a 84p. ;   |c 24cm. 
650 0 |a City planning and redevelopment law   |z malaysia 
650 0 |a Regional planning   |x Law and legislation   |z malaysia 
710 1 |a International Law Book Services. Legal Research Board 
999 |a 1000000808   |b BOOK   |c Open Shelf   |e Default branch